Zoey 101 Characters Quiz Stats

Quiz not verified by Sporcle

Challenge
Share
Tweet
Embed
Score 0/20 Timer 04:00
0 Plays Today
Hint Answer % Correct
Jamie Lynn SpearsZoey
98.7%
Sean FlynnChase
95.1%
Victoria JusticeLola
94.7%
Paul ButcherDustin
92.4%
Matthew UnderwoodLogan
92.4%
Erin SandersQuinn
90.2%
Alexa NikolasNicole
84.9%
Christopher MasseyMichael
84.4%
Kristen HerreraDana
80.9%
Austin ButlerJames
68.9%
Hint Answer % Correct
Abby WildeStacey
61.8%
Lisa TuckerLisa
58.2%
Christopher MurrayDean Rivers
57.8%
Jessica ChaffinCoco
57.3%
Jack Salvatore, Jr.Mark
57.3%
Daniella MonetRebecca
45.3%
Brando EatonVince
40.9%
Allen EvangelistaFirewire
32%
Brian TeeKazu
31.6%
Diane DelanoNurse Krutcher
16.4%

You're not logged in!

Compare scores with friends on all Sporcle quizzes.
Sign Up with Email
OR
Log In

You Might Also Like...

Show Comments

Extras

Top Quizzes Today


Score Distribution

Your Account Isn't Verified!

In order to create a playlist on Sporcle, you need to verify the email address you used during registration. Go to your Sporcle Settings to finish the process.